书目信息 |
| 题名: |
生物多样性保护与森林文化
|
|
| 作者: | 林向群 | |
| 分册: | ||
| 出版信息: | 北京 中国林业出版社 2016 |
|
| 页数: | 117页 | |
| 开本: | 26cm | |
| 丛书名: | ||
| 单 册: | ||
| 中图分类: | X176 | |
| 科图分类: | ||
| 主题词: | 环境生物学 | |
| 电子资源: | ||
| ISBN: | 978-7-5038-8423-8 | |
| 000 | 00639nam0 2200205 450 | |
| 001 | 3605 | |
| 005 | 20160927091536.40 | |
| 010 | @a978-7-5038-8423-8@b平装@dCNY22.00 | |
| 100 | @a20151001d2016 km y0chiy0120 ea | |
| 101 | 0 | @achi |
| 102 | @aCN@b110000 | |
| 200 | 1 | @a生物多样性保护与森林文化@Asheng wu duo yang xing bao hu yu sen lin wen hua@f林向群@Flin xiang qun |
| 210 | @a北京@c中国林业出版社@d2016 | |
| 215 | @a117页@d26cm | |
| 330 | @a生物多样性·生物资源保护·高等职业教育·教材 | |
| 606 | 0 | @a环境生物学 |
| 690 | @aX176@v4 | |
| 701 | 0 | @a林向群@Alin xiang qun |
| 801 | 0 | @aCN@b唐山师范学院图书馆@c20151002 |
| 905 | @aZUCC@dX176@e216 | |
| 生物多样性保护与森林文化/林向群.-北京:中国林业出版社,2016 |
| 117页;26cm |
| ISBN 978-7-5038-8423-8(平装):CNY22.00 |
| 生物多样性·生物资源保护·高等职业教育·教材 |
| ● |
| 相关链接 |
|
|
|
|
正题名:生物多样性保护与森林文化
索取号:X176/216
 
预约/预借
| 序号 | 登录号 | 条形码 | 馆藏地/架位号 | 状态 | 备注 |
| 1 | 905499 | 209054994 | 第二样本阅览室/ [索取号:X176/216] | 在馆 | |
| 2 | 905500 | 209055001 | 第三借阅区/ [索取号:X176/216] | 在馆 | |
| 3 | 905501 | 209055010 | 第三借阅区/ [索取号:X176/216] | 在馆 | |
| 4 | 905502 | 209055029 | 第三借阅区/ [索取号:X176/216] | 在馆 | |
| 5 | 905503 | 209055038 | 密集书库-生命科学系/ [索取号:X176/216] | 在馆 |